Statistics for FIFA World Cup Winners

Click here to take the quiz!

General Stats

  • This quiz has been taken 20 times
  • The average score is 13 of 21

Answer Stats

YearTeam% Correct
1930Uruguay
100%
1934Italy
83%
1958Brazil
67%
1962Brazil
67%
1966England
67%
2006Italy
67%
2010Spain
67%
1970Brazil
61%
1998France
61%
2014Germany
61%
1938Italy
61%
1982Italy
61%
1994Brazil
56%
2018France
56%
1974West Germany
56%
1978Argentina
50%
2002Brazil
50%
1950Uruguay
50%
1986Argentina
44%
1954West Germany
44%
1990West Germany
39%

Score Distribution

Percentile by Number Answered

Percent of People with Each Score

Your Score History

You have not taken this quiz